Statistics for Category Elimination - Roman Emperors

Click here to take the quiz!

General Stats

  • This quiz has been taken 559 times
  • The average score is 11 of 20

Answer Stats

Group#Category% Correct
Green21First and second century emperors
99%
Green11... who were not killed by another human
98%
Yellow70Emperors who were the first to have their name
90%
Green5... whose name ends with s
87%
Yellow19... who were Christian
83%
Pink40Emperors who ruled over 5 years
81%
Pink15... who ruled during the Principate
78%
Blue28Emperors who were given a Damnatio Memoriae
73%
Pink7... who did not die of natural causes
72%
Pink5... who were not Severans
71%
Green3... not the first of their dynasty
56%
Yellow13... who ruled in the fifth century
45%
Blue23... born outside of Italia
42%
Green1... who was at one point a joint emperorMarcus Aurelius
41%
Yellow3... with a name that starts with a letter from N to Z
30%
Blue11... who ruled during the Crisis of the Third Century
29%
Blue7... who did not inherit the position
28%
Pink1... born in GaulClaudius
26%
Blue1... who is known as "the something"Philip the Arab
13%
Yellow1... who died of natural causes as emperorOlybrius
9%

Score Distribution

Percentile by Number Answered

Percent of People with Each Score

Your Score History

You have not taken this quiz